Martín Lutero 1483-1983
Guardat en:
| Autor principal: | |
|---|---|
| Format: | Llibre |
| Idioma: | alemany |
| Publicat: |
Bonn
Inter Nationes
1983
|
| Edició: | 1a. ed |
| Matèries: | |
| Etiquetes: |
Afegir etiqueta
Sense etiquetes, Sigues el primer a etiquetar aquest registre!
|
MARC
| LEADER | 00000cam a2200000 a 4500 | ||
|---|---|---|---|
| 001 | UCD4759 | ||
| 003 | CL-VaPUC | ||
| 008 | 160722e19830000gw |||||||||||||||||ger|d | ||
| 082 | 0 | 4 | |a 922 |b LIL |2 21 |
| 100 | |a Lilje, Hanns |e autor |9 588484 | ||
| 245 | 1 | 0 | |a Martín Lutero 1483-1983 |
| 250 | |a 1a. ed | ||
| 300 | |a 111 p | ||
| 600 | 0 | |a Lutero, Martín |d 1483-1546 |9 859309 | |
| 942 | |c BK | ||
| 945 | |d 20160722 23:21:00 |a dcastane | ||
| 260 | |a Bonn |b Inter Nationes |c 1983 | ||
| 650 | 0 | |a Biografías |9 255210 | |
| 650 | 0 | |a Reforma católica |9 432937 | |
| 583 | |a last modification |c 20160722 23:21:00 |k Rodrigo Vera | ||
| 999 | |c 365610 |d 365608 | ||
| 952 | |0 0 |1 0 |3 erb |4 0 |6 922_000000000000000_LIL_1983 |7 0 |8 A |9 479495 |a FDOHBE |b FDOHBE |e Huesbe Llanos, Marco Antonio, 1934- |i 5308100 |o 922 LIL 1983 |p 5308100 |r 2024-01-30 |w 2019-11-24 |y BK |z Catalogado en:20160722 |k HBE | ||